Every A and B City in South America - Statistics

General Stats
  • This quiz has been taken 7 times
  • The average score is 27 of 105
Answer Stats
Answer Tier % Correct
Santiago de Chile A-
100%
Sao Paulo A+
100%
Asuncion B+
86%
Bogota A
86%
Brasilia A-/B+
86%
Buenos Aires A
86%
Cali B+
86%
Cartagena B+/B
86%
Fortaleza B+
86%
Guayaquil A-/B+
86%
Lima A
86%
Montevideo B+
86%
Quito B+
86%
Rio de Janeiro A
86%
Barranquilla B+
71%
Belo Horizonte A-
71%
Caracas A-
71%
La Paz B+
71%
Manaus B+
71%
Medellin A-/B+
71%
Recife B+
71%
Córdoba B+
57%
Curitiba B+
57%
Maracaibo B+
57%
Porto Alegre B+
57%
Rosario B+
57%
Salvador A-/B+
57%
Belém B+
43%
Cusco B
43%
Santa Cruz de la Sierra B+
43%
Sao Luís B+
43%
Valparaiso B
43%
Arequipa B+/B
29%
Campinas B+
29%
Goiânia B+
29%
Mar del Plata B
29%
Mendoza B+/B
29%
Valencia B+
29%
Barcelona B
14%
Bucaramanga B+/B
14%
Campo Grande B
14%
Chiclayo B
14%
Cochabamba B+/B
14%
Cúcuta B+/B
14%
Cuiabá B+/B
14%
Florianópolis B+/B
14%
Ibagué B
14%
La Plata B
14%
Macapá B
14%
Porto Velho B
14%
Salta B
14%
Santa Fe B
14%
Santa Marta B
14%
Sao José dos Campos B+/B
14%
Trujillo B
14%
Uberlândia B
14%
Valledupar B
14%
Vitória B+/B
14%
Almirante Brown B
0%
Ananindeua B
0%
Aparecida de Goiânia B
0%
Aracaju B+/B
0%
Barquisimeto B+
0%
Belford Roxo B
0%
Campina Grande B
0%
Campos dos Goytacazes B
0%
Caxias do Sul B
0%
Ciudad Guayana B
0%
Contagem B
0%
Divinópolis B
0%
Duque de Caxias B
0%
Feira de Santana B
0%
Guarulhos B+/B
0%
Jaboatão dos Guararapes B
0%
Joao Pessoa B+/B
0%
Joinville B
0%
Juiz de Fora B
0%
Jundiaí B
0%
La Matanza B
0%
Lomas de Zamora B
0%
Londrina B+/B
0%
Maceió B+/B
0%
Maracay B+/B
0%
Maringá B
0%
Merlo B
0%
Natal B+
0%
Neuquén B
0%
Nova Iguacu B
0%
Osacso B
0%
Piracicaba B+/B
0%
Ponta Grossa B
0%
Quilmes B
0%
Ribeirao Preto B+/B
0%
San Bernardo do Campo B
0%
San Cristobal B
0%
San Miguel de Tucumán B+/B
0%
Santo André B
0%
Santos B+/B
0%
Sao Goncalo B
0%
Sao José do Rio Preto B+/B
0%
Serra B
0%
Soacha B
0%
Teresina B+
0%
Villa Velha B
0%
Villavicencio B
0%
No matching quizzes found
Score Distribution
Percent of People with Each Score
Percentile by Number Answered
Your Score History
You have not taken this quiz